[Event "4. Wittelsbacher Weihnachts-Schach-Open"]
[Site "Kelheim"]
[Date "2015.12.29"]
[Round "6.23"]
[White "Bartonicek, Zdenek"]
[Black "Müller, Dennis"]
[Result "0-1"]
[WhiteElo "1905"]
[BlackElo "1729"]
[PlyCount "130"]
[EventDate "2015.??.??"]
[WhiteTeam "TSV Kirchenlaibach"]
[BlackTeam "SC Kreut"]

1. e4 e5 2. Bc4 Nf6 3. d3 c6 4. Nf3 Be7 5. O-O d6 6. h3 h6 7. Re1 Nbd7 8. c3
Nf8 9. d4 Ng6 10. Nbd2 O-O 11. Nf1 Bd7 12. Ng3 Nh7 13. Nf5 Be6 14. Bb3 Ng5 15.
Nh2 Bf6 16. Ng4 exd4 17. cxd4 Bxf5 18. exf5 Nh4 19. Ne3 Qd7 20. Qg4 Rfe8 21.
Bc2 g6 22. Bd2 d5 23. fxg6 Qxg4 24. gxf7+ Kxf7 25. Nxg4 Nhf3+ 26. gxf3 Nxf3+
27. Kg2 Nxd2 28. Nxh6+ Kf8 29. Nf5 Ne4 30. f3 Ng5 31. Rad1 Rxe1 32. Rxe1 Re8
33. Rxe8+ Kxe8 34. Kf2 Nxh3+ 35. Ke3 Bg5+ 36. Ke2 Nf4+ 37. Kf2 Kd7 38. Ng3 Bh4
39. Bf5+ Kc7 40. Bg4 Nd3+ 41. Kg2 Nxb2 42. Ne2 Nc4 43. Kh3 Bf6 44. Bf5 Kd6 45.
Kg3 c5 46. dxc5+ Kxc5 47. f4 d4 48. Kf3 Nd6 49. Ng3 Nxf5 50. Nxf5 Kc4 51. Ke2
d3+ 52. Kd2 Bc3+ 53. Kd1 Kd5 54. Ne7+ Ke6 55. Ng6 b5 56. f5+ Kxf5 57. Ne7+ Ke4
58. Nc8 a6 59. Nd6+ Kd4 60. Kc1 Kc5 61. Ne4+ Kb4 62. Kb1 a5 63. Nf2 Kc4 64. Ne4
b4 65. Nd6+ Kd5 0-1

[Event "4. Wittelsbacher Weihnachts-Schach-Open"]
[Site "Kelheim"]
[Date "2015.12.29"]
[Round "6.24"]
[White "Schmidt, Franz"]
[Black "Bodenschatz, Josef"]
[Result "1-0"]
[WhiteElo "1828"]
[BlackElo "2005"]
[PlyCount "109"]
[EventDate "2015.??.??"]
[WhiteTeam "SK Abensberg"]
[BlackTeam "TSV Kirchenlaibach"]

1. e4 c6 2. d4 d5 3. Nc3 dxe4 4. Nxe4 Nf6 5. Ng3 h5 6. Bc4 h4 7. Nf1 Bg4 8. f3
Bf5 9. Ne3 Bg6 10. Ne2 e6 11. Bd3 Bxd3 12. Qxd3 Nbd7 13. Nc4 b5 14. Nd2 Bd6 15.
Ne4 Bb4+ 16. c3 Be7 17. Bg5 Nb6 18. O-O Nfd5 19. Bxe7 Qxe7 20. f4 O-O-O 21. Nc5
Nc7 22. Qe4 Rd5 23. f5 h3 24. g3 Nc4 25. Nf4 Rxc5 26. dxc5 Qxc5+ 27. Qd4 Qxd4+
28. cxd4 exf5 29. b3 Nd6 30. Rae1 g5 31. Nd3 f6 32. Nc5 Nd5 33. Re6 Kc7 34. Kf2
a5 35. Kf3 g4+ 36. Kf2 Rd8 37. Re2 Kb6 38. Rfe1 f4 39. gxf4 Nf5 40. Ne6 Rh8 41.
Rg1 g3+ 42. hxg3 h2 43. Rh1 Rh3 44. g4 Nfe3 45. g5 fxg5 46. fxg5 Nf5 47. Kg2
Rg3+ 48. Kxh2 Nde3 49. Rg1 Ng4+ 50. Kh1 Rh3+ 51. Kg2 Rg3+ 52. Kf1 Nfe3+ 53.
Rxe3 Nxe3+ 54. Kf2 Rh3 55. Rg3 1-0

[Event "4. Wittelsbacher Weihnachts-Schach-Open"]
[Site "Kelheim"]
[Date "2015.12.29"]
[Round "6.25"]
[White "Meul, Willi"]
[Black "Schmid, Bernhard"]
[Result "0-1"]
[WhiteElo "1829"]
[BlackElo "1904"]
[PlyCount "62"]
[EventDate "2015.??.??"]
[WhiteTeam "SV Hürth-Berrenrath"]
[BlackTeam "SC Sinzing"]

1. d4 d5 2. Nf3 Nf6 3. e3 Bg4 4. c4 c6 5. Qb3 Qc7 6. Ne5 Bf5 7. Nc3 e6 8. Bd2
Bd6 9. Rc1 Nbd7 10. Nxd7 Qxd7 11. Be2 O-O 12. f3 Rfe8 13. Kf2 a6 14. g4 Bg6 15.
g5 Nh5 16. f4 f6 17. Qd1 Qf7 18. h4 Kh8 19. gxf6 Nxf6 20. h5 Be4 21. Rh3 e5 22.
dxe5 Bxe5 23. Bf3 Bxc3 24. Bxc3 Bxf3 25. Qxf3 Ne4+ 26. Ke2 Nxc3+ 27. bxc3 dxc4
28. Rg1 Rad8 29. Rhg3 Qf5 30. Qg4 Qc2+ 31. Kf3 Rxe3+ 0-1

[Event "4. Wittelsbacher Weihnachts-Schach-Open"]
[Site "Kelheim"]
[Date "2015.12.29"]
[Round "6.26"]
[White "Dietl, Harald"]
[Black "Müller, Johannes"]
[Result "1/2-1/2"]
[WhiteElo "1802"]
[BlackElo "1982"]
[PlyCount "35"]
[EventDate "2015.??.??"]
[WhiteTeam "SK Abensberg"]
[BlackTeam "SK Kelheim"]

1. f4 Nf6 2. Nf3 d5 3. e3 g6 4. Be2 Bg7 5. O-O O-O 6. c3 c5 7. d4 b6 8. Ne5 Ba6
9. Bxa6 Nxa6 10. b3 Nc7 11. a4 Nce8 12. Ba3 Qc7 13. Nd2 Nd6 14. Nd3 Nfe4 15.
Rc1 Rac8 16. Nxe4 Nxe4 17. Nf2 Nxf2 18. Rxf2 1/2-1/2

[Event "4. Wittelsbacher Weihnachts-Schach-Open"]
[Site "Kelheim"]
[Date "2015.12.29"]
[Round "6.27"]
[White "Lutzky, Manfred"]
[Black "Brunner, Tobias"]
[Result "1-0"]
[WhiteElo "1890"]
[BlackElo "1639"]
[PlyCount "33"]
[EventDate "2015.??.??"]
[WhiteTeam "SC Noris-Tarrasch Nürnberg"]
[BlackTeam "TSV Nittenau"]

1. e4 e6 2. d4 b6 3. c4 Bb7 4. Nc3 Nf6 5. Bd3 d5 6. cxd5 exd5 7. e5 Ne4 8. Nf3
Bb4 9. Qc2 h6 10. O-O Ng5 11. Qa4+ Nc6 12. Bb5 Nxf3+ 13. gxf3 Qd7 14. Bxc6 Qxc6
15. Qxb4 Qg6+ 16. Kh1 Qd3 17. Qb5+ 1-0

[Event "4. Wittelsbacher Weihnachts-Schach-Open"]
[Site "Kelheim"]
[Date "2015.12.29"]
[Round "6.28"]
[White "Gruber, Johannes"]
[Black "Lutter, Maximilian"]
[Result "1/2-1/2"]
[WhiteElo "1801"]
[BlackElo "1887"]
[PlyCount "40"]
[EventDate "2015.??.??"]
[WhiteTeam "SC Sinzing"]
[BlackTeam "SK Neumarkt"]

1. e4 e5 2. Nf3 Nc6 3. Bc4 Bc5 4. b4 Bb6 5. O-O Nf6 6. Bb2 d6 7. Nc3 O-O 8. a3
Bg4 9. Kh1 Nd4 10. Be2 Nxe2 11. Qxe2 c6 12. Nd1 Nh5 13. Ne3 Nf4 14. Qd1 f5 15.
exf5 Bxf5 16. Nxf5 Rxf5 17. d3 Qf6 18. g4 Nxd3 19. gxf5 Nxb2 20. Qe2 Qxf5
1/2-1/2

[Event "4. Wittelsbacher Weihnachts-Schach-Open"]
[Site "Kelheim"]
[Date "2015.12.29"]
[Round "6.29"]
[White "Brack, Johannes"]
[Black "Brassat, Jürgen"]
[Result "1-0"]
[WhiteElo "1940"]
[BlackElo "1889"]
[PlyCount "63"]
[EventDate "2015.??.??"]
[WhiteTeam "Regensburger Turnerschaft"]
[BlackTeam "SV Altbach"]

1. d4 Nf6 2. Nf3 e6 3. Nbd2 d5 4. e3 Nbd7 5. Bd3 b6 6. O-O Bb7 7. Qe2 Be7 8. e4
dxe4 9. Nxe4 Nxe4 10. Bxe4 Bxe4 11. Qxe4 Nf6 12. Qc6+ Kf8 13. Bf4 Bd6 14. Be5
Rc8 15. Rad1 Qd7 16. Qb7 Ke7 17. c4 Rhd8 18. c5 Bxe5 19. Nxe5 Qd5 20. Nc6+ Kf8
21. Nxd8 Qxd8 22. Qxa7 Ra8 23. Qb7 Nd5 24. cxb6 Rb8 25. bxc7 Nxc7 26. Qc6 Rxb2
27. Rb1 Rxa2 28. Rb7 Ne8 29. Rd7 Qa5 30. Qb7 f6 31. Rf7+ Kg8 32. Qe7 1-0

[Event "4. Wittelsbacher Weihnachts-Schach-Open"]
[Site "Kelheim"]
[Date "2015.12.29"]
[Round "6.30"]
[White "Altmann, Jens"]
[Black "Hummel, Thomas"]
[Result "1-0"]
[WhiteElo "1988"]
[BlackElo "1918"]
[PlyCount "81"]
[EventDate "2015.??.??"]
[WhiteTeam "SF Leipzig-Südost"]
[BlackTeam "SK Neumarkt"]

1. e4 d5 2. exd5 Qxd5 3. Nc3 Qa5 4. d4 Nf6 5. Bc4 Bf5 6. Nf3 e6 7. O-O c6 8.
Re1 Be7 9. h3 O-O 10. Qe2 Bb4 11. Bd2 Bxc2 12. a3 Bxc3 13. Bxc3 Qa4 14. Ng5 Bb3
15. Bd3 Nbd7 16. Ne4 Nxe4 17. Qxe4 Nf6 18. Qh4 Rad8 19. g4 h6 20. Re5 Rd5 21.
Rae1 Rfd8 22. f4 c5 23. g5 hxg5 24. fxg5 Nd7 25. Rxd5 Bxd5 26. Qh7+ Kf8 27.
Qh8+ Ke7 28. Qxg7 Kd6 29. Qxf7 Rf8 30. dxc5+ Kc6 31. Qe7 Qf4 32. Bb5+ Kxb5 33.
Qxd7+ Bc6 34. Qd3+ Qc4 35. Qxc4+ Kxc4 36. Rxe6 Rf5 37. Re5 Rxe5 38. Bxe5 Kxc5
39. g6 Be4 40. g7 Bh7 41. Kf2 1-0

[Event "4. Wittelsbacher Weihnachts-Schach-Open"]
[Site "Kelheim"]
[Date "2015.12.29"]
[Round "6.31"]
[White "Gets, Alexej"]
[Black "Timar-Geng, Zoltan"]
[Result "0-1"]
[WhiteElo "1785"]
[BlackElo "1929"]
[PlyCount "86"]
[EventDate "2015.??.??"]
[WhiteTeam "SC Noris-Tarrasch Nürnberg"]
[BlackTeam "SV Lingen"]

1. b3 d5 2. Bb2 Nf6 3. e3 e6 4. Nf3 Be7 5. Nc3 O-O 6. d4 Nbd7 7. Be2 c5 8. O-O
b6 9. a4 a6 10. Re1 Bb7 11. Bf1 Rc8 12. g3 cxd4 13. Nxd4 Bb4 14. Nde2 Rc7 15.
Qd4 Bc5 16. Qh4 Ne5 17. Bg2 Ng6 18. Qh3 Bc8 19. Bf3 e5 20. Qf1 Be6 21. Red1 Qa8
22. a5 b5 23. h3 Rd8 24. Na2 Qc8 25. Kh2 Bd6 26. c3 h5 27. Nac1 e4 28. Bg2 h4
29. Nf4 hxg3+ 30. fxg3 Nxf4 31. gxf4 Rxc3 32. Bxc3 Qxc3 33. Ne2 Qxe3 34. Re1
Nh5 35. Rac1 Nxf4 36. Nxf4 Bxf4+ 37. Kh1 Qg3 38. Qg1 Bxc1 39. Rxc1 Bxh3 40. Rc2
Bxg2+ 41. Rxg2 Qh3+ 42. Rh2 Qf3+ 43. Rg2 Rd6 0-1

[Event "4. Wittelsbacher Weihnachts-Schach-Open"]
[Site "Kelheim"]
[Date "2015.12.29"]
[Round "6.32"]
[White "Aunkofer, Günter"]
[Black "Lukas, Anne"]
[Result "1/2-1/2"]
[WhiteElo "1826"]
[BlackElo "1810"]
[PlyCount "42"]
[EventDate "2015.??.??"]
[WhiteTeam "TSV Mainburg"]
[BlackTeam "SK Gernsheim"]

1. e4 c5 2. Nc3 Nc6 3. f4 g6 4. Nf3 Bg7 5. Bb5 Nd4 6. O-O a6 7. Bc4 e6 8. a4
Ne7 9. d3 d5 10. Ba2 dxe4 11. dxe4 O-O 12. Be3 Qb6 13. Rb1 Rd8 14. Nd2 Qc7 15.
Ne2 b5 16. c3 Nxe2+ 17. Qxe2 Bb7 18. Rbd1 Rd7 19. Bb1 c4 20. Qg4 f5 21. Qe2 Rf8
1/2-1/2

[Event "4. Wittelsbacher Weihnachts-Schach-Open"]
[Site "Kelheim"]
[Date "2015.12.29"]
[Round "6.33"]
[White "Malzer, Werner"]
[Black "Meckel, Helmut"]
[Result "1-0"]
[WhiteElo "1904"]
[BlackElo "1777"]
[PlyCount "83"]
[EventDate "2015.??.??"]
[WhiteTeam "TSV Kirchenlaibach"]
[BlackTeam "SG Solingen"]

1. e4 e5 2. Nf3 d6 3. Nc3 Nf6 4. Be2 Be7 5. O-O Nc6 6. d3 Nd4 7. Be3 Nxe2+ 8.
Qxe2 Bg4 9. h3 Bd7 10. d4 exd4 11. Bxd4 O-O 12. Rad1 Qc8 13. Kh2 Ne8 14. Nd5
Bd8 15. e5 c6 16. Ne3 d5 17. Bc5 f6 18. Bxf8 Kxf8 19. c4 Bc7 20. Nc2 fxe5 21.
Nxe5 dxc4 22. f4 Be6 23. Nxc4 Nf6 24. Rde1 Bf7 25. b3 Nd5 26. g3 a5 27. Nd4 a4
28. b4 Qd7 29. Ne5 Qd6 30. Nxf7 Kxf7 31. a3 Nf6 32. Nf5 Qd7 33. Qe7+ Kg6 34.
Nh4+ Kh6 35. Qxd7 Nxd7 36. Re7 Rd8 37. Rfe1 c5 38. bxc5 Ba5 39. R1e6+ Nf6 40.
Nf5+ Kg6 41. Nd6 h6 42. f5+ 1-0

[Event "4. Wittelsbacher Weihnachts-Schach-Open"]
[Site "Kelheim"]
[Date "2015.12.29"]
[Round "6.34"]
[White "Mühlich, Cornelius"]
[Black "Pohl, Steffen"]
[Result "0-1"]
[WhiteElo "1771"]
[BlackElo "1869"]
[PlyCount "116"]
[EventDate "2015.??.??"]
[WhiteTeam "SK Kelheim"]
[BlackTeam "SK Schwanstetten"]

1. c4 Nc6 2. g3 e5 3. Bg2 f5 4. Nc3 Nf6 5. e3 Bb4 6. Nge2 O-O 7. O-O Ne7 8. d3
c6 9. a3 Ba5 10. b4 Bc7 11. Qb3 d6 12. f4 Be6 13. b5 d5 14. bxc6 bxc6 15. cxd5
Nexd5 16. Qc2 exf4 17. Nxf4 Nxf4 18. exf4 Bb6+ 19. Kh1 Rc8 20. Na4 Bd4 21. Bb2
Rb8 22. Qxc6 Bb3 23. Rab1 Kh8 24. Nc5 Rb6 25. Nb7 Qb8 26. Qf3 Bd5 27. Qe2 Bxb2
28. Rxb2 Qxb7 29. Rxb6 Bxg2+ 30. Qxg2 Qxg2+ 31. Kxg2 axb6 32. Rb1 Rb8 33. a4
Nd7 34. Rb5 g6 35. d4 Ra8 36. Rb4 Ra5 37. Kf3 Kg7 38. Ke3 Kf6 39. Kd3 Rd5 40.
Ke3 Rd6 41. Rb5 Nf8 42. d5 g5 43. Kf3 Kg6 44. fxg5 Kxg5 45. h4+ Kf6 46. g4 Nd7
47. Kf4 fxg4 48. Kxg4 Kg6 49. a5 bxa5 50. Rxa5 Nf6+ 51. Kf4 Rxd5 52. Ra4 Kh5
53. Kf3 Rd3+ 54. Kg2 Ng4 55. Ra7 h6 56. Ra6 Kxh4 57. Rg6 h5 58. Rg8 Rg3+ 0-1

[Event "4. Wittelsbacher Weihnachts-Schach-Open"]
[Site "Kelheim"]
[Date "2015.12.29"]
[Round "6.35"]
[White "Grasser, Martin"]
[Black "Winkelmeier, Alfred"]
[Result "1-0"]
[WhiteElo "1902"]
[BlackElo "1691"]
[PlyCount "111"]
[EventDate "2015.??.??"]
[WhiteTeam "Regensburger Turnerschaft"]
[BlackTeam "SV Ilmmünster"]

1. e4 c5 2. Nf3 e6 3. d4 cxd4 4. Nxd4 a6 5. Be3 Qc7 6. Nd2 Nf6 7. c3 d5 8. Bd3
Nc6 9. O-O Ne5 10. Bf4 Bd6 11. Bxe5 Bxe5 12. N2f3 O-O 13. Nxe5 Qxe5 14. f4 Qc7
15. e5 Ne8 16. Nf3 f5 17. Nd4 g6 18. Qf3 b5 19. a3 Bd7 20. Rac1 Qc5 21. Kh1 Nc7
22. Qg3 a5 23. h4 Kf7 24. Qg5 Qe7 25. Qh6 Kg8 26. Rf3 Qg7 27. Qg5 h6 28. Qg3
Kf7 29. Qf2 g5 30. Rg3 Rh8 31. Kg1 g4 32. Nb3 Na6 33. Nxa5 Rhb8 34. Nb3 Qf8 35.
Re3 Nc5 36. Nxc5 Qxc5 37. Re2 Qc7 38. Qe3 Ra5 39. Ree1 Bc6 40. Bc2 Ra7 41. g3
Ba8 42. Qd4 Qb7 43. Re3 Rc8 44. Kh2 Rc4 45. Qd2 d4 46. cxd4 Rxd4 47. Qe2 Qc6
48. Rc3 Qd5 49. Rd3 Rd7 50. Rxd4 Qxd4 51. Bxf5 Qd5 52. Bxg4 Rd8 53. Bh5+ Kf8
54. Rd1 Qb7 55. Rxd8+ Kg7 56. Qg4+ 1-0

[Event "4. Wittelsbacher Weihnachts-Schach-Open"]
[Site "Kelheim"]
[Date "2015.12.29"]
[Round "6.36"]
[White "Broszeit, Peter"]
[Black "Löchel, Günter"]
[Result "1/2-1/2"]
[WhiteElo "2012"]
[BlackElo "1617"]
[PlyCount "36"]
[EventDate "2015.??.??"]
[WhiteTeam "SV Erkenschwick"]
[BlackTeam "SC Kreut"]

1. e4 d5 2. d4 dxe4 3. Nc3 Nf6 4. Bg5 Bf5 5. f3 Nd5 6. Nxe4 h6 7. Bd2 Nd7 8.
Ne2 e6 9. N2g3 Bg6 10. c4 N5f6 11. Bd3 Nxe4 12. fxe4 Be7 13. Bc3 Bh4 14. Qg4
Qg5 15. Qxg5 hxg5 16. O-O-O Bxg3 17. hxg3 O-O-O 18. Kd2 Nf6 1/2-1/2

[Event "4. Wittelsbacher Weihnachts-Schach-Open"]
[Site "Kelheim"]
[Date "2015.12.29"]
[Round "6.37"]
[White "Schilay, Lorenz"]
[Black "Glück, Ulrich"]
[Result "1-0"]
[WhiteElo "1760"]
[BlackElo "1713"]
[PlyCount "110"]
[EventDate "2015.??.??"]
[WhiteTeam "SK Neumarkt"]
[BlackTeam "MSA Zugzwang"]

1. e4 c5 2. Nc3 e6 3. f4 a6 4. Nf3 Nc6 5. d3 b5 6. g3 Bb7 7. Bg2 d6 8. O-O Nf6
9. h3 Be7 10. Be3 Qc7 11. a4 b4 12. Ne2 a5 13. c3 O-O 14. Qc2 Rac8 15. g4 Nd7
16. Ng3 bxc3 17. bxc3 Ba6 18. f5 d5 19. Ne2 Nde5 20. Rad1 Rfd8 21. Nxe5 Nxe5
22. Bf4 Bd6 23. fxe6 fxe6 24. exd5 Bxd3 25. Rxd3 Nxd3 26. Qxd3 Bxf4 27. Nxf4 c4
28. Qc2 Qc5+ 29. Kh1 Rf8 30. Qd1 Qe3 31. Rf3 Qe5 32. Nxe6 Rxf3 33. Qxf3 Qe1+
34. Kh2 Qe5+ 35. Qg3 Qxg3+ 36. Kxg3 Kf7 37. Kf4 Rb8 38. Bf1 Rb3 39. Bxc4 Rxc3
40. Bb5 h6 41. h4 Rc2 42. Ke5 Rc1 43. h5 Re1+ 44. Kf5 Rd1 45. Ke5 Re1+ 46. Kd6
Rd1 47. Kc6 Rg1 48. Kc7 Rd1 49. Nf4 Rd4 50. d6 Rxf4 51. d7 Rd4 52. d8=Q Rxd8
53. Kxd8 Ke6 54. Kc7 Ke7 55. Kb6 Kd6 1-0

[Event "4. Wittelsbacher Weihnachts-Schach-Open"]
[Site "Kelheim"]
[Date "2015.12.29"]
[Round "6.38"]
[White "Kues, Manuel"]
[Black "Meyer, Nico"]
[Result "1-0"]
[WhiteElo "1986"]
[BlackElo "1537"]
[PlyCount "53"]
[EventDate "2015.??.??"]
[WhiteTeam "TSV Kareth-Lappersdorf"]
[BlackTeam "SC Bechhofen"]

1. e4 e5 2. Nf3 Nc6 3. Bc4 Bc5 4. c3 Nf6 5. d4 exd4 6. cxd4 Bb4+ 7. Nc3 Nxe4 8.
O-O Bxc3 9. d5 O-O 10. bxc3 Ne7 11. Re1 Nd6 12. Bd3 Ng6 13. c4 Ne8 14. h4 d6
15. Bg5 f6 16. Bd2 Bg4 17. Bxg6 hxg6 18. Qb3 Bxf3 19. Qxf3 f5 20. h5 g5 21. Re6
g4 22. Qd3 Qh4 23. h6 Rf6 24. Rae1 Qh5 25. Qe2 Rxe6 26. Qxe6+ Qf7 27. h7+ 1-0

[Event "4. Wittelsbacher Weihnachts-Schach-Open"]
[Site "Kelheim"]
[Date "2015.12.29"]
[Round "6.40"]
[White "Swierzy, David"]
[Black "Santl, Anton"]
[Result "1/2-1/2"]
[WhiteElo "1648"]
[BlackElo "1969"]
[PlyCount "80"]
[EventDate "2015.??.??"]
[WhiteTeam "SC Straubing"]
[BlackTeam "SU München"]

1. f4 e5 2. fxe5 d6 3. exd6 Bxd6 4. Nf3 g5 5. g3 g4 6. Nh4 Ne7 7. d4 Ng6 8.
Nxg6 hxg6 9. Qd3 Nc6 10. c3 Ne7 11. e4 c6 12. Bg5 Qb6 13. b3 Rh5 14. Bxe7 Bxe7
15. Nd2 Be6 16. O-O-O O-O-O 17. Nc4 Qc7 18. Bg2 Kb8 19. Qe2 b5 20. Ne5 Rc8 21.
Kb1 a6 22. Nd3 Rch8 23. Nc5 Rxh2 24. Rxh2 Rxh2 25. Rh1 Rxh1+ 26. Bxh1 g5 27.
Nxe6 Qxg3 28. Qg2 Qxg2 29. Bxg2 fxe6 30. Kc2 Kc7 31. Kd3 a5 32. Ke3 c5 33. d5
Kd6 34. Bf1 exd5 35. Bxb5 Bf6 36. Be2 Bxc3 37. exd5 Kxd5 38. Bxg4 c4 39. bxc4+
Kxc4 40. Be6+ Kb4 1/2-1/2

[Event "4. Wittelsbacher Weihnachts-Schach-Open"]
[Site "Kelheim"]
[Date "2015.12.29"]
[Round "6.41"]
[White "Koellner, Ulrich"]
[Black "Hildenbrand, Andreas"]
[Result "0-1"]
[WhiteElo "1865"]
[BlackElo "1828"]
[PlyCount "119"]
[EventDate "2015.??.??"]
[WhiteTeam "SV Hofheim"]
[BlackTeam "SK Garmisch-Partenkirch."]

1. d4 g6 2. c4 d6 3. Nc3 Bg7 4. g3 Nf6 5. Bg2 O-O 6. Nf3 c6 7. O-O Bg4 8. h3
Bd7 9. b3 Na6 10. Bb2 Re8 11. e3 Rb8 12. Re1 Qc8 13. Kh2 c5 14. Rc1 Bc6 15. d5
Bd7 16. e4 e5 17. dxe6 Rxe6 18. Ng5 Re5 19. f4 Rxg5 20. fxg5 Ne8 21. Nd5 Qd8
22. Bxg7 Kxg7 23. Qd2 Be6 24. Qb2+ Kg8 25. Nf6+ Nxf6 26. gxf6 Nb4 27. Rcd1 Nc6
28. e5 Nd4 29. Rxd4 cxd4 30. Qxd4 dxe5 31. Qxe5 Qe8 32. Bd5 Rd8 33. Re2 Rd7 34.
Qe4 h5 35. Bxb7 Qd8 36. Qf3 Rd1 37. Be4 Qb6 38. Qf2 Qd6 39. Qe3 h4 40. Bd5 Bxd5
41. cxd5 hxg3+ 42. Kg2 Qxd5+ 43. Qe4 Qc5 44. Qe8+ Kh7 45. Qe3 Qc6+ 46. Kxg3
Qxf6 47. Kh2 Qd6+ 48. Kg2 Qd5+ 49. Qe4 Qxe4+ 50. Rxe4 Rd2+ 51. Kg3 Rxa2 52. h4
Ra3 53. Rb4 Kh6 54. Kf4 f6 55. Rb8 Ra6 56. Rb7 Ra5 57. Rb8 Rf5+ 58. Kg4 Rd5 59.
Rh8+ Kg7 60. Rc8 0-1

[Event "4. Wittelsbacher Weihnachts-Schach-Open"]
[Site "Kelheim"]
[Date "2015.12.29"]
[Round "6.42"]
[White "Specht, Helmut"]
[Black "Weidenhöfer, Robert"]
[Result "1-0"]
[WhiteElo "1988"]
[BlackElo "1691"]
[PlyCount "37"]
[EventDate "2015.??.??"]
[WhiteTeam "TSV Mindelheim"]
[BlackTeam "SW Nürnberg Süd"]

1. e4 b6 2. d4 Bb7 3. Bd3 e6 4. Qe2 Nf6 5. Nh3 d5 6. e5 Nfd7 7. O-O c5 8. c3 f6
9. Qg4 Ke7 10. exf6+ Nxf6 11. Bg5 Kd6 12. Qe2 h6 13. Bf4+ Kd7 14. Re1 Ne4 15.
f3 Bd6 16. fxe4 Bxf4 17. Nxf4 Re8 18. exd5 exd5 19. Bf5+ 1-0

[Event "4. Wittelsbacher Weihnachts-Schach-Open"]
[Site "Kelheim"]
[Date "2015.12.29"]
[Round "6.43"]
[White "Obermeier, Johannes"]
[Black "Loebel, Petra"]
[Result "0-1"]
[WhiteElo "1807"]
[BlackElo "1852"]
[PlyCount "54"]
[EventDate "2015.??.??"]
[WhiteTeam "SK Kelheim"]
[BlackTeam "SC Noris-Tarrasch Nürnberg"]

1. e4 e6 2. d4 d5 3. Nd2 Nf6 4. e5 Nfd7 5. Bd3 c5 6. c3 Nc6 7. Ne2 cxd4 8. cxd4
f6 9. exf6 Nxf6 10. Nf3 Bd6 11. O-O O-O 12. Bg5 Qc7 13. Bh4 Bd7 14. Rc1 Rae8
15. Bg3 Nh5 16. Bxd6 Qxd6 17. Qc2 Nb4 18. Bxh7+ Kh8 19. Qb1 Rxf3 20. gxf3 Rf8
21. Bg6 Nf4 22. Nxf4 Qxf4 23. Bh5 Qg5+ 24. Bg4 Rxf3 25. h3 Rxh3 26. f3 e5 27.
Qh7+ Kxh7 0-1

[Event "4. Wittelsbacher Weihnachts-Schach-Open"]
[Site "Kelheim"]
[Date "2015.12.29"]
[Round "6.44"]
[White "Häusler, Florian"]
[Black "Doleschal, Johannes"]
[Result "0-1"]
[WhiteElo "1806"]
[BlackElo "1968"]
[Annotator "Doe,John"]
[PlyCount "128"]
[EventDate "2015.??.??"]
[WhiteTeam "TSV Kareth-Lappersdorf"]
[BlackTeam "TSV Kirchenlaibach"]

1. e4 e5 2. Nf3 Nc6 3. Bb5 a6 4. Ba4 Nf6 5. d3 d6 6. h3 Be7 7. Be3 O-O 8. Qd2
Bd7 9. Nc3 Nb8 10. Bb3 Be6 11. O-O-O c5 12. g4 Bxb3 13. cxb3 Nc6 14. g5 Ne8 15.
Rdg1 Nd4 16. Bxd4 cxd4 17. Nd5 Nc7 18. Nxc7 Qxc7+ 19. Kb1 f5 20. gxf6 Bxf6 21.
Ng5 Bxg5 22. Rxg5 Rf7 23. Rhg1 Raf8 24. a3 Kh8 25. R5g2 Qe7 26. Rh1 Rf4 27. b4
h6 28. Qc2 Kh7 29. Rhg1 R8f7 30. Qe2 Qh4 31. f3 Qxh3 32. Rg3 Qd7 33. Qg2 Qe7
34. Rg6 R4f6 35. Rg3 Qf8 36. Rf1 Rf4 37. Qh3 R7f6 38. Qh5 Qf7 39. Qh3 Qb3 40.
Rfg1 Rf7 41. Qh5 Qe6 42. Rg6 R4f6 43. R6g3 g6 44. Qh2 Qe7 45. Rh1 Qf8 46. Rh3
g5 47. Rh5 Rg6 48. Qg2 Rxf3 49. Rxg5 Rxg5 50. Qxg5 Rf1+ 51. Rxf1 Qxf1+ 52. Qc1
Qxd3+ 53. Ka2 Qxe4 54. Qc7+ Kg6 55. Qxd6+ Kh5 56. Qe6 Kg5 57. Qg8+ Qg6 58. Qd8+
Qf6 59. Qg8+ Kf4 60. Qg1 e4 61. Qf2+ Ke5 62. Qg3+ Kd5 63. Qb3+ Kd6 64. Qg3+ Kc6
{fehlerhaft} 0-1

[Event "4. Wittelsbacher Weihnachts-Schach-Open"]
[Site "Kelheim"]
[Date "2015.12.29"]
[Round "6.45"]
[White "Strasser, Josef"]
[Black "Gottschall, Ina"]
[Result "1/2-1/2"]
[WhiteElo "1892"]
[BlackElo "1751"]
[PlyCount "36"]
[EventDate "2015.??.??"]
[WhiteTeam "SU München"]
[BlackTeam "USV TU Dresden"]

1. e4 g6 2. d4 Bg7 3. f4 d6 4. Nf3 Bg4 5. Be2 Nf6 6. Nc3 O-O 7. Be3 Nbd7 8. e5
Ne8 9. h3 Bxf3 10. Bxf3 c5 11. exd6 exd6 12. O-O Qb6 13. Na4 Qc7 14. c3 Rc8 15.
b3 b5 16. Nb2 cxd4 17. Bxd4 Bxd4+ 18. cxd4 Nef6 1/2-1/2

[Event "4. Wittelsbacher Weihnachts-Schach-Open"]
[Site "Kelheim"]
[Date "2015.12.29"]
[Round "6.46"]
[White "Brack, André"]
[Black "Klarl, Wolfgang"]
[Result "1/2-1/2"]
[WhiteElo "1832"]
[BlackElo "1942"]
[PlyCount "41"]
[EventDate "2015.??.??"]
[WhiteTeam "Regensburger Turnerschaft"]
[BlackTeam "SK Kelheim"]

1. d4 d5 2. Nf3 Nf6 3. Bg5 c6 4. e3 Ne4 5. Bf4 Bg4 6. Be2 e6 7. Nbd2 Nxd2 8.
Nxd2 Bxe2 9. Qxe2 Nd7 10. O-O Nf6 11. c4 Bd6 12. Bxd6 Qxd6 13. c5 Qe7 14. b4
O-O 15. Nf3 Nd7 16. b5 e5 17. bxc6 bxc6 18. Qa6 e4 19. Nd2 Nb8 20. Qe2 f5 21.
Rab1 1/2-1/2

[Event "4. Wittelsbacher Weihnachts-Schach-Open"]
[Site "Kelheim"]
[Date "2015.12.29"]
[Round "6.47"]
[White "Latzel, Wolfgang"]
[Black "Krause, Karl-Heinz"]
[Result "1-0"]
[WhiteElo "1943"]
[BlackElo "1428"]
[PlyCount "93"]
[EventDate "2015.??.??"]
[WhiteTeam "SK Landshut"]
[BlackTeam "SK Landau-Dingolfing"]

1. e4 e6 2. d4 d5 3. Nd2 c5 4. Ngf3 c4 5. c3 Qa5 6. exd5 b5 7. Qe2 Be7 8. dxe6
f6 9. g3 Bb7 10. Bg2 Qa6 11. O-O Bd5 12. Re1 Qc6 13. Nf1 Na6 14. Ne3 Be4 15. d5
Qb6 16. Nxc4 bxc4 17. Qxe4 Rd8 18. Qxc4 Nb8 19. b3 Bd6 20. Be3 Qa5 21. Bf1 Ne7
22. Qb5+ Qxb5 23. Bxb5+ Kf8 24. c4 Nf5 25. Bxa7 Ke7 26. Nd4 Nxd4 27. Bxd4 Bb4
28. Red1 Rc8 29. Be3 g5 30. a4 h6 31. a5 f5 32. f4 gxf4 33. Bxf4 Bc5+ 34. Kg2
h5 35. h4 Rhg8 36. a6 Ba7 37. Re1 Kf6 38. Kf3 Rg4 39. Rad1 Bc5 40. d6 Nxa6 41.
Bxa6 Ra8 42. Bb5 Ra2 43. Re2 Ra3 44. Ba4 Rxa4 45. bxa4 Rg8 46. d7 Rb8 47. d8=Q+
1-0

[Event "4. Wittelsbacher Weihnachts-Schach-Open"]
[Site "Kelheim"]
[Date "2015.12.29"]
[Round "6.48"]
[White "Urban, Rudolf"]
[Black "Adlhoch, Walter"]
[Result "1-0"]
[WhiteElo "1871"]
[BlackElo "1537"]
[PlyCount "81"]
[EventDate "2015.??.??"]
[WhiteTeam "SC Roter Turm Altstadt"]
[BlackTeam "SK Schwandorf"]

1. d4 e6 2. Nf3 Nf6 3. Bf4 d5 4. e3 Bd6 5. Bg3 Bxg3 6. hxg3 c6 7. Nbd2 Qa5 8.
c3 Nbd7 9. Bd3 c5 10. Qe2 c4 11. Bc2 Qc7 12. O-O b5 13. a3 Bb7 14. Rae1 h5 15.
e4 Nxe4 16. Nxe4 dxe4 17. Bxe4 Nf6 18. Bxb7 Qxb7 19. Qd2 O-O 20. Re5 g6 21. Qf4
Kg7 22. Rfe1 Rad8 23. Rc5 Qb8 24. Qe3 Rd5 25. Ne5 Rxc5 26. dxc5 Qc7 27. Rd1 Rc8
28. c6 Ng4 29. Nxg4 hxg4 30. Rd7 Qxc6 31. Qd4+ Kg8 32. Qxa7 Rf8 33. Qd4 Qa8 34.
Qxg4 Rd8 35. Qd4 Rxd7 36. Qxd7 Qd5 37. Qxd5 exd5 38. Kf1 Kg7 39. Ke2 Kf6 40.
Ke3 Kf5 41. Kd4 1-0

[Event "4. Wittelsbacher Weihnachts-Schach-Open"]
[Site "Kelheim"]
[Date "2015.12.29"]
[Round "6.50"]
[White "Lautner, Peter"]
[Black "Hagen, Wolfgang"]
[Result "1/2-1/2"]
[WhiteElo "1512"]
[BlackElo "1740"]
[PlyCount "47"]
[EventDate "2015.??.??"]
[WhiteTeam "SC Kreut"]
[BlackTeam "TSV Mindelheim"]

1. e4 c5 2. Nf3 d6 3. d4 cxd4 4. Nxd4 Nf6 5. Nc3 a6 6. Bg5 e6 7. Qd2 Be7 8. f3
Qc7 9. g4 Nc6 10. O-O-O Nxd4 11. Qxd4 Bd7 12. h4 Rc8 13. Kb1 Qc5 14. Qxc5 Rxc5
15. Be3 Rc8 16. h5 h6 17. Be2 Bc6 18. Bf4 d5 19. exd5 Nxd5 20. Nxd5 Bxd5 21.
Rdg1 f6 22. Rh3 e5 23. Bd2 O-O 24. Re1 1/2-1/2